00908nam a22002177a 450000500170000001000150001702000260003203500140005803700090007208200140008110000380009524501170013325000060025026000540025627001190031030000200042970000410044994200280049099900190051895201530053720250128153612.0 aENG-143647 a9789358704570c399.00 aEN-127179 bDBAD a006.3121 aMalu, Siddharth Savyasachi977246 aMachine Learning With Python: bA Hands-on Introduction/cby Siddharth Savyasachi Malu [and] Sanjay Kumar Pandey a1 aNew DelhibS Chand and Company Limitedc2024(Rep) a A-27, 2nd Floor, Mohan Co-operative Industrial EstatebNew Delhie110044minfo@schandpublishing.comk011-49731800 a375p.c23cm(pb) aPandey, Sanjay Kumar eAuthor977247 2ddccENh006.31mMALe1 c208856d208856 001040708NFICaLbLd2025-01-28eDelivery of Books Act Divisiong399.00l0o006.31 MALpEN-127179r2025-01-28 00:00:00t1v399.00w2025-01-28yEN